| 000 | 00597nam a2200229Ia 4500 | ||
|---|---|---|---|
| 003 | OSt | ||
| 005 | 20220928110226.0 | ||
| 006 | a|||||r|||| 00| 0 | ||
| 007 | ta | ||
| 008 | 220927b |||||||| |||| 00| 0 eng d | ||
| 024 | _a129385 | ||
| 037 | _cTextual | ||
| 040 |
_aSDCL _cSDCL _beng |
||
| 041 |
_2eng _aeng |
||
| 082 | _aQ2:4xK26,1, H9 | ||
| 100 |
_aBhatta Kamlakar _9393088 |
||
| 245 | 0 | _aNirnayasindhuah. | |
| 260 |
_aMumbay _bNirnayasagar Press _c1946 |
||
| 300 |
_a448p. _ccm. |
||
| 942 |
_hQ2:4xK26,1, H9 _cTEXL _2CC |
||
| 999 |
_c734674 _d734674 |
||